Berliner platz 2 : deutsch im alltag testheft mit prufungsvorbereitung

Αποθηκεύτηκε σε:
Λεπτομέρειες βιβλιογραφικής εγγραφής
Κύριος συγγραφέας: Rodi, Margret
Μορφή: Βιβλίο
Γλώσσα:German
Δημοσίευση: Munchen : Langenscheidt, 2011
Θέματα:
Ετικέτες: Προσθήκη ετικέτας
Δεν υπάρχουν, Καταχωρήστε ετικέτα πρώτοι!

MARC

LEADER 00000cam a2200000 i 4500
001 1/57188
008 140929s2011 ger d
020 |a 978-3-468-47228-2 
035 |l 10119307 
040 |a GR-MY-UA  |b gre  |e aacr 
041 0 |a ger 
082 0 |a 438.24  |2 (22) 
100 1 |a Rodi, Margret. 
245 1 0 |a Berliner platz 2 :  |b deutsch im alltag testheft mit prufungsvorbereitung /  |c Margret Rodi 
260 |a Munchen :   |b Langenscheidt,   |c 2011 
300 |a 64 σ.;  |b πίν., εικ.;  |c 30 εκ.+  |e 1 cd. 
650 0 0 |a German language  |x Study and teaching  |x Foreign students. 
852 |a INST  |b RHODES  |e 20140929  |h 438.24 BER  |p 005400036916  |q 005400036916  |t BK  |y 0 
901 |a BIBL4-2014-3 
909 |a Ρ  |b 183288 
970 |z 2014/09/29